• 首页
  • 本馆介绍
  • 公告通知
  • 最新文献
  • 馆藏检索
  • 电子资源
  • 读者导购
  • 参考咨询
  • 我的图书馆
  • 登录
  • 详细信息显示
  • 放入我的书架
  • 预约/预借图书
  • 作者相关作品
  • 分类相关作品
  • 丛书相关作品
  • 出版社相关作品

书目信息

  • 表格格式
  • 工作单格式
  • 卡片格式
题名:
高电压技术
    
 
作者: 张涛 编
分册:  
出版信息: 北京   科学出版社  2020
页数: 10,315页
开本: 26cm
丛书名:
单 册:
中图分类: TM8
科图分类:
主题词: 高电压--技术
电子资源:
ISBN: 978-7-03-066330-6
000 00894nam0 2200217 450
001 2238548704
005 20220929104248.96
010    @a978-7-03-066330-6@dCNY68.00
100    @a20201215d2020 em y0chiy50 ea
101 0  @achi
102    @aCN@b110000
105    @aa z 000yy
200 1  @a高电压技术@9gao dian ya ji shu@f张涛编
210    @a北京@c科学出版社@d2020
215    @a10,315页@c图@d26cm
330    @a本书共分13章,主要介绍电介质极化、电导和损耗特性;气体放电机理、击穿特性及提高击穿电压的方法;固体、液体和组合绝缘的电气性能;电气设备绝缘特性试验原理及方法;电气设备绝缘耐压试验原理及方法;波过程的基本理论及其在过电压分析中的应用;防雷装置及输电线路、发电厂、变电站的防雷保护;电力系统内部过电压及其防护措施和电力系统绝缘配合的基本方法等。
606 0  @a高电压@x技术
690    @aTM8@v5
701  0 @a张涛@9zhang tao@4编
801  0 @aCN@b91MARC@c20210201
905    @aZUCC@dTM8@e10
    
    高电压技术/张涛编.-北京:科学出版社,2020
    10,315页:图;26cm
    
    
    ISBN 978-7-03-066330-6:CNY68.00
    本书共分13章,主要介绍电介质极化、电导和损耗特性;气体放电机理、击穿特性及提高击穿电压的方法;固体、液体和组合绝缘的电气性能;电气设备绝缘特性试验原理及方法;电气设备绝缘耐压试验原理及方法;波过程的基本理论及其在过电压分析中的应用;防雷装置及输电线路、发电厂、变电站的防雷保护;电力系统内部过电压及其防护措施和电力系统绝缘配合的基本方法等。
●
相关链接 在五车中查询图书 在当当中查询图书 在豆瓣中查询图书


正题名:高电压技术     索取号:TM8/10         预约/预借

序号 登录号 条形码 馆藏地/架位号 状态 备注
1 2000906095   2000906095   第三书库/ [索取号:TM8/10] 在馆    
2 2000906096   2000906096   第三书库/ [索取号:TM8/10] 在馆    
3 2000906097   2000906097   第三书库/ [索取号:TM8/10] 在馆    
山东省滨州职业学院图书馆 欢迎您!
大连网信软件有限公司© 版权所有